Resúmenes de convenios colectivos sindicales : hasta 31 de diciembre de 1978 hasta 31 de diciembre de 1978
Descripción Física:
213 p. ; 27 cm
MARC
| LEADER | 00000nam a2200000Ia 4500 | ||
|---|---|---|---|
| 001 | 14254 | ||
| 008 | 160829s1979 xx 000 0 cat d | ||
| 080 | |a M-4-180 | ||
| 245 | |a Resúmenes de convenios colectivos sindicales : |b hasta 31 de diciembre de 1978 | ||
| 260 | |a Barcelona : |b Legislación Social Vigente : |b Aleu, |c 1979 | ||
| 300 | |a 213 p. ; |c 27 cm | ||
| 590 | |a Títol a la coberta: Legislación social vigente : convenios colectivos sindicales | ||
| 650 | |a Convenis col·lectius de treball |x Espanya |9 24743 | ||
| 901 | |a Arxiu | ||
| 942 | |n 1 | ||
| 952 | |0 0 |1 0 |4 0 |6 M4180 |7 1 |9 42110 |a Arxiu |b Arxiu |d 2016-12-01 |l 0 |o M-4-180 |p 14254 |r 2016-12-01 00:00:00 |w 2016-12-01 |y ARXIU | ||
| 999 | |c 44557 |d 44557 | ||